| 000 | 02177nam1a2200421 i 4500 | ||
|---|---|---|---|
| 001 | RU\NLR\bibl\346058 | ||
| 005 | 20240725193150.0 | ||
| 035 | _aRU\NLR\bibl\346058 | ||
| 035 | _a(NLR Aleph) 000340877 | ||
| 090 |
_a215703 _c215703 |
||
| 100 | _a20021210g20029999u y0rusy50 ca | ||
| 101 | 0 | _arus | |
| 102 | _aRU | ||
| 105 | _aa z ||||| | ||
| 200 | 1 |
_aСанкт-Петербургская консерватория _eдокументы и материалы из фондов Б-ки и Музея _e[в 2 т.] _fсост. и авт. текстов Э. С. Барутчева и др. _gгл. ред., авт. вступ. ст. Л. Г. Данько; науч. консультант Э. С. Барутчева |
|
| 210 |
_aСПб. _cФортэкс _d2002- |
||
| 215 | _d28 см | ||
| 463 | 0 | _1001342134 | |
| 463 | 0 | _10012027997 | |
| 601 | 0 | 2 |
_aСанкт-Петербургская государственная консерватория им. Н.А.Римского-Корсакова _xИстория _2nlr_sh |
| 686 |
_aЩ31я9 _vLBC/SL _2rubbk |
||
| 686 |
_aЩ313(2Р=Р)7-692 _vLBC/SL _2rubbk |
||
| 702 | 1 |
_9z03790 _aБарутчева _bЭ. С. _f1935- _gЭра Суреновна _4220 _4695 _4070 |
|
| 702 | 1 |
_9z04790 _aДанько _bЛ. Г. _4340 _4080 |
|
| 702 | 1 |
_9z05790 _aЧернушенко _bВ. А. _cдирижер _f1936- _gВладислав Александрович _4000 |
|
| 712 | 0 | 2 |
_aСанкт-Петербургская государственная консерватория им. Н. А. Римского-Корсакова _bНаучная музыкальная библиотека _4650 |
| 712 | 0 | 2 |
_aМузей истории Санкт-Петербургской Консерватории _4650 |
| 790 | 1 |
_9z03702 _aBarutcheva _bE. S. _f1935- _gEra Surenovna _4220 _4695 _4070 |
|
| 790 | 1 |
_9z04702 _aDan`ko _bL. G. _4340 _4080 |
|
| 790 | 1 |
_9z05702 _aChernushenko _bV. A. _f1936- _gVladislav Aleksandrovich _4000 |
|
| 801 | 0 |
_aRU _bNLR _c20021210 _gRCR |
|
| 801 | 1 |
_aRU _bNLR _c20021210 |
|
| 801 | 2 |
_aRU _bNLR _c20211218 _2rusmarc |
|
| 852 |
_aNLR _j2002-8/3371 _t1 |
||
| 852 |
_aNLR _j2002-8/3371 _t1 |
||
| 942 | _cBOOK | ||
| 980 | _aONIZ | ||